000 00729cam a2200205 i 4500
005 20251207104102.0
008 250721s2003 jo gr 000 0 ara d
082 1 4 _a214.5
_bم ص ط
100 1 _aمصطفى، أسامه نعيم
_eمعد.
245 1 0 _aنعيم أهل الجنة و عذاب أهل النار /
_cاعداد اسامه نعيم مصطفي ، تدقيق ياسر سلامة.
250 _aالطبعه الاولى.
264 3 1 _aعمان :
_bدار عالم الثقافة،
_c2003.
300 _a79صفحه.
650 1 7 _aاليوم الآخر.
650 1 7 _aالجنة.
650 1 7 _aالنار.
700 1 _aسلامه، ياسر
_eمدقق.
942 _2ddc
_cBK
999 _c53444
_d53444